Christopher Lee - Dracula Movies - Statistics

General Stats
  • This quiz has been taken 42 times
  • The average score is 5 of 7
Answer Stats
Hint Answer % Correct
1958* Horror of Dracula
86%
1969 Taste the Blood of Dracula
77%
1972* Dracula, A.D. 1972
74%
1968 Dracula has Risen from the Grave
71%
1965 Dracula - Prince of Darkness
71%
1970 Scars of Dracula
69%
1973* The Satanic Rites of Dracula
60%
No matching quizzes found
Score Distribution
Percent of People with Each Score
Percentile by Number Answered
Your Score History
You have not taken this quiz